Posúdenie prašnosti v banskej činnosti

Na minha lista:
Detalhes bibliográficos
Autor principal: Menčík, Matej, 1990- (Author)
Outros Autores: Kuracina, Richard, 1979- (Thesis advisor)
Formato: Manuscrito Livro
Idioma:eslovaco
Publicado em: 2015
Assuntos:
Acesso em linha:http://is.stuba.sk/zp/portal_zp.pl?podrobnosti=113387
Tags: Adicionar Tag
Sem tags, seja o primeiro a adicionar uma tag!

MARC

LEADER 00000ntm a22000003a 4500
001 stuzp52110
003 SK-STU
005 20160719154050.7
007 ta
008 150427s2015----xo-----f-mn---000-0-slo-d
040 |a STU  |b slo 
041 0 |a slo 
100 1 |a Menčík, Matej,  |d 1990-  |u 065000  |4 aut  |U MTF Materiálovotechnologická fakulta  |T MTF Ústav bezpečnosti, environmentu a kvality  |X 6432  |U M5000  |Y 85  |7 A000006432 
242 0 1 |a Assessment of dust in mining activity  |y eng 
245 1 0 |a Posúdenie prašnosti v banskej činnosti 
260 |c 2015 
650 4 |a banské prostredie  |2 slo 
650 4 |a výbušnosť prachu  |2 slo 
650 4 |a prach  |2 slo 
650 4 |a dust  |2 eng 
650 4 |a the mining environment  |2 eng 
650 4 |a explosiveness dust  |2 eng 
700 1 |a Kuracina, Richard,  |d 1979-  |4 ths  |X 38282  |7 A000038282 
856 4 |u http://is.stuba.sk/zp/portal_zp.pl?podrobnosti=113387 
996 |c M* DP-12496  |l MMSKP  |s P  |a 0  |w stuzp52110_0001 
SQL |a stuzp52110  |b DDP  |c SLO  |d Posúdenie prašnosti v banskej činnosti  |e 6432  |f Menčík, Matej  |g 065000  |h 38282  |i Kuracina, Richard  |j 20150602  |k 670  |l 06  |m http://is.stuba.sk/zp/portal_zp.pl?podrobnosti=113387  |n I-IBE  |o 8.3.5. bezpečnosť a ochrana zdravia pri práci